| 000 | 00872 a2200241 4500 | ||
|---|---|---|---|
| 001 | 216222009 | ||
| 003 | UA-OsUOA | ||
| 005 | 20220302212402.0 | ||
| 008 | 220201b un ||||| |||| 00| 0 ukr d | ||
| 040 |
_aUA-OsUOA _bukr _cUA-OsUOA _dUA-OsUOA |
||
| 041 | _aukr | ||
| 080 | _a94(477).152 США | ||
| 090 |
_a94(477).152 США _bМ33 |
||
| 100 | _aМатула П. | ||
| 245 |
_aІсторія пам'ятника митрополитові Василеві Липківському _cПетро Матула |
||
| 260 |
_c2009 _aВашінгтон |
||
| 300 | _a204 с. | ||
| 591 | _bОльга Матула | ||
| 650 |
_2UDC _a94(477).152 Українці за межами України |
||
| 942 |
_cBK _2udc |
||
| 955 | _a4 | ||
| 999 |
_c571987 _d571987 |
||